00266nam a2200097Ia 4500008004100000100003300041245004900074260002700123300000800150650001000158190216s9999||||xx |||||||||||||| ||und|| aAcharya Paramanand Prabhakar 0aHindi-Samskrith Sikshana Ki Adhunik Vidhiyam bLok Siksha Manchc2011 a127 aHindi